000 01788cam a2200169 4500500
005 20260111104955.0
041 _afre
042 _adc
100 1 0 _aEkovich, Steven
_eauthor
245 0 0 _aLibéralisme et militarisme aux États-Unis, des origines à l'âge post-industriel
260 _c2005.
500 _a50
520 _aRésuméLes trois sources de puissance généralement reconnues - économique, militaire et culturelle - se sont développées dans le contexte d’un libéralisme indissociable des origines américaines. La nature de l’État a aussi joué un grand rôle, en particulier récemment avec l’émergence de l’État « virtuel » post-moderne. Défense et militarisme aux États-Unis doivent donc être compris en analysant comment l’État américain a su articuler ces facteurs sans renier son héritage libéral réticent à la raison d’État.
520 _aLiberalism and Militarism in the US from the Origins to the Post-Industrial AgeThe three widely admitted sources of power - economic, military and cultural - have mutually influenced each other in the vibrant context of American liberalism. The nature of the state has also played a significant role, especially recently with the rise of the post-modern “virtual state”. So, the nature of American defense must be also understood by analyzing how today’s American state has mobilized and integrated the three sources of power, all in the context of a historic liberalism that favours the exaltation of trade and business enterprise over military pursuits in the name of raison d’État.
786 0 _nPolitique américaine | 2 | 2 | 2005-06-01 | p. 63-77 | 1771-8848
856 4 1 _uhttps://shs.cairn.info/revue-politique-americaine-2005-2-page-63?lang=fr&redirect-ssocas=7080
999 _c1631284
_d1631284